Loreto College Library, Kolkata
WEBOPAC (ONLINE PUBLIC ACCESS CATALOGUE)

English Language Toolbox, (Record no. 19407)

MARC details
000 -LEADER
fixed length control field 00596nam a2200217Ia 4500
005 - DATE AND TIME OF LATEST TRANSACTION
control field 20231216091013.0
008 - FIXED-LENGTH DATA ELEMENTS--GENERAL INFORMATION
fixed length control field 131103s9999 xx 000 0 und d
020 ## - ISBN | অাই এস বি এন
ISBN | অাই এস বি এন 9814107158
PRICE Rs 195
040 ## - CATALOGING SOURCE
Original cataloging agency Loreto College
041 ## - LANGUAGE CODE
Language code English
082 ## - DDC | ডিউই
Classification number | বর্গসংখ্যা 428
Book Number | গ্রন্থাঙ্ক KIR
100 ## - MAIN ENTRY--PERSONAL NAME | মুখ্য সংলেখ - ব্যাক্তিনাম
Personal name | ব্যাক্তিনাম Kirkpatrick, Betty
245 ## - TITLE STATEMENT | অাখ্যা বিবরণী
Title | অাখ্যা English Language Toolbox,
Sub title | উপঅাখ্যা Proverbs,
Statement of responsibility | লেখকের দায়িত্বের বিবরণ Betty Kirkpatrick
260 ## - IMPRINT | প্রকাশনা ক্ষেত্র
Place of publication | প্রকাশ স্থান Singapore
Name of publisher | প্রকাশকের নাম Learners Publishing Pte Ltd
Date of publication | প্রকাশ কাল 2003
300 ## - PHYSICAL DESCRIPTION |
Page / Vol. No | পৃষ্ঠা / খন্ড সংখ্যা 234p
504 ## - BIBLIOGRAPHY, ETC. NOTE
Bibliography, etc Includes exercises on proverbs
650 ## - SUBJECT ADDED ENTRY--TOPICAL TERM | বিষয় শিরোনাম - মূল বিষয়
Topical term | মূল বিষয় English Language
651 ## - SUBJECT ADDED ENTRY--GEOGRAPHIC NAME | বিষয় শিরোনাম - ভৌগলিক নাম
Geographic name | ভৌগলিক বিষয় Proverbs
850 ## - HOLDING INSTITUTION
Holding institution LCLIB
942 ## - ADDED ENTRY ELEMENTS (KOHA)
Koha item type Books
Holdings
Withdrawn status Lost status Source of classification Damaged status Not for loan Home library Current library Date acquired Total Checkouts Full call number Accession No. Date last seen Date checked out Price effective from Koha item type Coded location qualifier
    Dewey Decimal Classification     Loreto College Loreto College 04/11/2013 1 428 KIR 43169 B20663 30/01/2019 30/01/2019 04/11/2013 Books